000 00428nam a2200157Ia 4500
005 20250310053345.0
008 240331s9999 xx 000 0 und d
020 _a9555733848
082 _bNAS
_a821
100 _aNasreen, T
245 0 _aThaslima Nasreenge kavi :
_b100 poems of Thaslima Nasreen
260 _aNugegoda
_bSarasavi Publishers
_c2005
300 _a 146 p .,
500 _aPoems Of Taslima Nasreen
942 _cL
999 _c5398
_d5398